000 01606nam0a2200337 4500
001 RU\NLR\bibl\286164
005 20260408194045.0
010 _a5-7418-0193-5
_9500
021 _aRU
_b2002-10930
_9540
035 _a(NLR Aleph) 000281587
090 _a1647850
_c1647850
100 _a20020711d2002 u y0rusy50 ca
101 0 _arus
102 _aRU
105 _aa |||||||||
200 1 _aЭкономические риски горного производства
_e[Учеб. пособие для студентов по направлению "Горн. дело"]
_fА.А. Петросов, К.С. Мангуш
_g[Моск. гос. горн. ун-т]
210 _aМ.
_cИзд-во МГГУ
_d2002
215 _a141, [1] с.
_cил.
_d20
225 1 _aСовременные экономические теории
320 _aБиблиогр.: с. 139-140 (24 назв.)
606 _aРиск (экон.) в горной промышленности
_jРуководства, пособия и т.п. для высшей школы
_92253157
_3RU\NLR\auth\661351368
606 _aРиск (экон.) в горной промышленности
_jУчебные издания для высшей школы
_92253157
_3RU\NLR\auth\661351368
686 _aУ30(2)54-56я73
700 1 _aПетросов
_bА. А.
_gАркадий Арамович
_4070
701 1 _aМангуш
_bК. С.
_gКирилл Сергеевич
_4070
801 0 _aRU
_bNLR
_c20020711
_gPSBO
801 1 _aRU
_bNLR
_c20020711
942 _cBOOK
980 _aNB